000 00844nam a2200229 a 4500
001 64952
003 BD-RjUL
005 20211209081354.0
008 170225s1965 b ||||| |||| 00| 0 ben d
035 _a(BD-RjUL)65082
040 _aBD-RjUL
_bben
_cBD-RjUL
041 _aben
082 _223
_a891.4415
_bNOJ 1965
245 1 0 _aনজরুল সাহিত্য /
_cমীর আবুল হোসেন সম্পাদিত
250 _a২য় সং.
260 _aঢাকা :
_bবাংলা বাজার,
_c১৯৬৫
300 _a২৫৭ পৃ. ;
_c২০ সেমি.
600 _aনজরুল ইসলাম, কাজী,
_d ১৮৯৯-১৯৭৬
_9191794
600 _aNazrul Islam, Kazi,
_d 1899-1976
_9191795
700 _aহোসেন, মীর আবুল
_9189073
942 _2ddc
_cBK
999 _c64952
_d64952